Μελέτη της επίδρασης του κυματισμού των πλοίων στις βενθικές βιοκοινότητες του φανερόγαμου Pocidonia oceanica στην θαλάσσια περιοχή στο στενό της Μυτιλήνης : διπλωματική εργασία

Αποθηκεύτηκε σε:
Λεπτομέρειες βιβλιογραφικής εγγραφής
Κύριος συγγραφέας: Γώγου, Μαρία-Ευαγγελία
Συγγραφή απο Οργανισμό/Αρχή: Πανεπιστήμιο Αιγαίου Σχολή Περιβάλλοντος Τμήμα Επιστημών της Θάλασσας
Άλλοι συγγραφείς: Βελεγράκης, Αντώνιος Φ. (Εισηγητής διατριβής), Κουτσούμπας, Δρόσος (Εισηγητής διατριβής)
Μορφή: Thesis Βιβλίο
Γλώσσα:Greek
Δημοσίευση: 2009
Θέματα:
Διαθέσιμο Online:http://hdl.handle.net/11610/7320
Ετικέτες: Προσθήκη ετικέτας
Δεν υπάρχουν, Καταχωρήστε ετικέτα πρώτοι!

MARC

LEADER 00000cam a2200000 i 4500
001 1/15955
008 111024s2009 gre d
035 |l 10111181 
040 |a GR-MY-UA  |b gre  |e aacr 
041 0 |a gre 
082 0 |a 578.7  |2 (22) 
100 1 |a Γώγου, Μαρία-Ευαγγελία. 
245 1 0 |a Μελέτη της επίδρασης του κυματισμού των πλοίων στις βενθικές βιοκοινότητες του φανερόγαμου Pocidonia oceanica στην θαλάσσια περιοχή στο στενό της Μυτιλήνης :  |b διπλωματική εργασία /  |c Γώγου Μαρία-Ευαγγελία ; επιβλέποντες καθηγητές: Δρόσος Κουτσούμπας, Βελεγράκης Αντώνης 
260 |c 2009 
300 |a 104 σ.;  |b πιν., σχ., φωτ.;  |c 30 εκ. 
500 |a Υπάρχει παράρτημα με δορυφορικές φωτογραφίες 
502 |a Πτυχιακή εργασία – Πανεπιστήμιο Αιγαίου, Λέσβος, 2011. 
504 |a Βιβλιογραφία: σ. 93-97 
650 0 0 |a Posidonia oceanica. 
650 0 0 |a Benthos  |z Greece  |z Mytilene (Lesbos) 
650 0 0 |a Seagrasses  |x Ecology. 
650 0 0 |a Marine plants  |x Ecology. 
650 0 0 |a Dissertations, Academic  |z Greece. 
700 1 |4 ths  |a Βελεγράκης, Αντώνιος Φ. 
700 1 |4 ths  |a Κουτσούμπας, Δρόσος. 
710 2 |a Πανεπιστήμιο Αιγαίου  |b Σχολή Περιβάλλοντος  |b Τμήμα Επιστημών της Θάλασσας. 
852 |a INST  |b LESVOS  |c DIATR  |e 20111024  |h 547  |p 005100051334  |q 005100051334  |t DIE  |y 23 
852 |a INST  |b LESVOS  |c DIATR  |e 20111024  |h 548  |p 005100051335  |q 005100051335  |t DIE  |y 23 
856 |u http://hdl.handle.net/11610/7320 
901 |a BIBL1-2011-3 
909 |a Λ  |b 171382 
909 |a Λ  |b 171383 
924 |a ΓΩΓΟΥ  |b ΜΑΡΙΑ-ΕΥΑΓΓΕΛΙΑ  |y ΛΕΣΒΟΣ  |z 2011-09 
970 |a ΠΑΤΣΗ  |b ΑΝΘΙΠΠΗ  |z 2011/10/24